000 01377nam a2200301 i 4500
003 EG-GICUC
005 20260121101221.0
008 251114s1985 ua ||||fr|||| 00| 0 ara d
040 _a EG-GICUC
_bara
_c EG-GICUC
_d EG-GICUC
_erda
041 0 _aara
082 0 4 _221
_a345
_bع م . م
092 0 4 _221
099 _aLaw1 07 345 ع م . م 1985
100 0 _aعمر و فؤاد أحمد بركات
_eمؤلف.
245 1 0 _aمبادئ القانون الإداري /
_cدكتور عمر و فؤاد أحمد بركات.
264 3 _aالقاهرة :
_bشركة سعيد رأفت،
_c1985.
300 _a580 ؛صفحة
_c24 سم.
336 _2rda content
_atext
337 _2rda media
_aComputer
338 _2rda carrier
_aOnline Resource
505 _aماهية القانون الإداري - الاشخاص المعنوية - المركزية الادارية واللامركزية الادارية - نظرية المرفق العام الضبط الإداري - عمال السلطة الإدارية الاموال العامة - القرارات الإدارية العقود الإدارية
546 _aالنص باللغة العربية
650 1 4 _aالمركزية الإدارية
650 1 4 _aالقانون الإداري
856 4 0 _uhttps://fll.law.cu.edu.eg/fulltext/bks/B07-00489.pdf
905 _a32
_eYara
942 _2ddc
_cBK
_e21
_n0
999 _c43236
_d43236